01314nam a2200277 450000100040000000500170000400700040002100800040002501000170002902000150004604000190006105000230008008200180010324503870012126000470050830000470055544000220060250000800062450400290070465000540073370000200078770000280080771000680083571000290090371101040093200020150622095455.0000000 a 86017942  a9024733928 aUOELcDLCdDLC00aSD387.R4bP73 198600a634.9/02821900aPractical application of remote sensing in forestry :bproceedings of a seminar on the practical application of remote sensing in forestry, Jönköping, May 1985, under the auspices of the Joint FAO/ECE Working Party on Forest Economics and Statistics and the Swedish National Board of Forestry under the Ministry of Agriculture /cedited by Sune Sohlberg, Viatcheslav E. Sokolov. aDordrecht ;aBoston :bM. Nijhoff,cc1986. axvii, 205 p. :bill. (some col.) ;c25 cm. 0aForestry sciences a"Seminar on the Practical Application of Remote Sensing in Forestry"--Frwd. aIncludes bibliographies. 0aForests and forestryxRemote sensingxCongresses.1 aSohlberg, Sune.1 aSokolov, Viatcheslav E.2 aJoint FAO/ECE Working Party on Forest Economics and Statistics.1 aSweden.bSkogsstyrelsen.2 aSeminar on the Practical Application of Remote Sensing in Forestryd(1985 :cJönköping, Sweden)